000 00728nas a2200253 i 4500
001 1626
003 ES-MaACL
005 20250721062536.0
007 t|
008 950801d19871994sp w| | 1 ||pa d
022 _a0210-9344
080 _a33
245 0 0 _aMercado
_b: la revista de las empresas con futuro.
260 _aMadrid :
_bEstructura, Grupo de Estudios Económicos,
_c1987-[1994?]
300 _a24 v. ;
_c28 cm.
310 _aSemanal
362 0 _aAño 8, n. 293 (1/7 mayo 1987)-[1994?]
500 _aDescripción basada en : n. 278 (ene. 1987)
650 1 7 _aEconomía
_2embne
_912006
780 0 0 _tPerspectivas y mercado
852 _aES-MaACL
_jHEM-H-489
866 0 _o1987-94
999 _c1626
_d1626